| 000 | 00340cam a22001217a 4500 | ||
|---|---|---|---|
| 008 | 180718b1961 xxu||||| |||| 00| 0 eng d | ||
| 082 | _aA99 T129/K897 | ||
| 100 | _aKripalani, Krishna | ||
| 245 |
_aTagore: a life _cby Krishna Kripalani |
||
| 260 |
_aNew Delhi _bMalancha _c1961 |
||
| 300 | _a200p. | ||
| 650 | _aTagore, Rabindra Nath, 1861-1941 | ||
| 999 |
_c369752 _d369752 |
||